Cocinando con el sol /
Guardado en:
| Autor Principal: | |
|---|---|
| Autor Corporativo: | |
| Formato: | |
| Publicado: |
Argentina,
2005
|
| Materias: | |
| Etiquetas: |
Agregar Etiqueta
Sin Etiquetas, Sea el primero en etiquetar este registro!
|
| LEADER | 00985ngm a22003015g 4500 | ||
|---|---|---|---|
| 001 | CEM.cems023863 | ||
| 008 | 130507s2005##################0###0#####d | ||
| 005 | 20250711140125.0 | ||
| 245 | 1 | 0 | |a Cocinando con el sol / |c Daniel Fernandez. |
| 260 | |a Argentina, |c 2005 | ||
| 300 | |a 16'. | ||
| 505 | 0 | |a Horno solar de cartón. Horno solar de madera. Cocina solar Parabólica o de Concentración. Cocción de alimentos | |
| 538 | |a Soporte: DVD - Formato: DVD - Resolución: 720 x 576- 25fps - Grabación DRD | ||
| 500 | |a Consultar en ventanilla. | ||
| 100 | 1 | |a Fernandez, Daniel | |
| 710 | 2 | |a Fundación Tierra. | |
| 082 | 5 | 7 | |/ FER |
| 653 | |a HORNOS SOLARES | ||
| 653 | |a ENERGIAS EFICIENTES | ||
| 653 | |a ENERGIAS ALTERNATIVAS | ||
| 653 | |a ENERGIA SOLAR | ||
| 653 | |a ECOLOGIA | ||
| 653 | |a MEDIO AMBIENTE | ||
| 653 | |a COCINA | ||
| 653 | |a COCCION | ||
| 653 | |a ALIMENTOS | ||
| 653 | |a ALIMENTACION | ||
| 859 | |a CEMS |b BIB. CEMS - Depto. Recursos Didacticos |h 577 |i FER |k DRD |p 2506.15 |t Ej.1 | ||
